000 00643cam a22002173a 4500
001 45210
003 PGUSA
005 20140828084032.0
008 140325s2014||||xxu|||||s|||||000 | eng d
040 _aPGUSA
_beng
042 _adc
100 1 _aWhitney, Ernest
245 1 0 _aLegends of the Pike's Peak Region :
_bThe Sacred Myths of the Manitou
_h[electronic resource] /
_cErnest Whitney
260 _bProject Gutenberg,
_c2014
506 _aPublic domain in the USA.
516 _aElectronic text
700 1 _aParrish, Thomas C.
830 0 _aProject Gutenberg
_v45210
856 4 0 _uhttp://www.gutenberg.org/ebooks/45210
942 _cEB
999 _c274461
_d274461